Welcome to CU Library Online Public Access Catalogue (OPAC)

Prescott, Harley, and Klein's/ (Record no. 2573)

MARC details
000 -LEADER
fixed length control field 00632nam a22001817a 4500
005 - DATE AND TIME OF LATEST TRANSACTION
control field 20250115145327.0
008 - FIXED-LENGTH DATA ELEMENTS--GENERAL INFORMATION
fixed length control field 250115b |||||||| |||| 00| 0 eng d
020 ## - INTERNATIONAL STANDARD BOOK NUMBER
International Standard Book Number 9780071267274
050 ## - LIBRARY OF CONGRESS CALL NUMBER
Classification number QR41.2
Item number .P74
100 ## - MAIN ENTRY--PERSONAL NAME
Personal name Willey, Joanne M.
245 ## - TITLE STATEMENT
Title Prescott, Harley, and Klein's/
Remainder of title Microbiology
Statement of responsibility, etc. Joanne M. Willey, Linda M. Sherwood, Christopher J. Woolverton
250 ## - EDITION STATEMENT
Edition statement 7th ed.
Remainder of edition statement international edition
260 ## - PUBLICATION, DISTRIBUTION, ETC.
Place of publication, distribution, etc. Boston
Name of publisher, distributor, etc. McGraw Hill Higher Education
Date of publication, distribution, etc. 2008
300 ## - PHYSICAL DESCRIPTION
Extent xx. various paging
Other physical details ill. some color
Dimensions 27cm
700 ## - ADDED ENTRY--PERSONAL NAME
Personal name Sherwood, Linda M.
700 ## - ADDED ENTRY--PERSONAL NAME
Personal name Woolverton, Christopher J.
942 ## - ADDED ENTRY ELEMENTS (KOHA)
Source of classification or shelving scheme Library of Congress Classification
Koha item type Books
Edition 7th ed.
Suppress in OPAC No
999 ## -
-- 2573
-- 2573
Holdings
Withdrawn status Lost status Source of classification or shelving scheme Damaged status Not for loan Collection Home library Current library Shelving location Date acquired Total checkouts Full call number Barcode Date last seen Copy number Price effective from Koha item type
    Library of Congress Classification     Non-fiction Science Library (Miotso) Science Library (Miotso) General stacks 01/15/2025   QR41.2 .P74 WIL SLM00001870 01/15/2025 1 01/15/2025 Books
    Library of Congress Classification     Non-fiction Science Library (Miotso) Science Library (Miotso) General stacks 01/15/2025   QR41.2 .P74 WIL SLM00001871 01/15/2025 2 01/15/2025 Books
© 2023-2024 Copyright: Central University Libraries. All Rights Reserved | Created by: Mahone Tech Office